Open Data Biblioteca Nacional de Portugal


República Portuguesa: Ministério da Cultura
Biblioteca Nacional de Portugal

Catálogo da BNP: acesso por Identificadores Unívocos
Registos Bibliográficos associados ao registo de autoridade

Etiqueta de registo: 00254nam 2200025 450
001 2287548
003 http://id.bnportugal.gov.pt/bib/catbnp/2287548
010 ## $a978-972-44-2941-0
021 ## $aPT$b562300/26
100 ## $a20260608d2026 m y0pory01030103ba
101 1# $apor$ceng
102 ## $aPT
105 ## $ay z 000yy
106 ## $ar
200 1# $a Os bastardos de Hayek$e as raízes neoliberais da direita populista$fQuinn Slobodian$gtrad. Miguel Martins
205 ## $a1ª ed
210 #9 $aCoimbra$cEdições 70,$d2026
215 ## $a265 p.$d24 cm
304 ## $aTít. orig.: Hayek's Bastards
700 #1 $aSlobodian,$bQuinn,$f1978-$32000137
702 #1 $aMartins,$bMiguel$4730$3114397
801 #0 $aPT$bBN$gRPC
966 ## $lBN$mFGMON$x1
966 ## $lBN$mFGMON$x1
971 ## $corlando$d20260608

OpendataBNP@bnportugal.pt | Mais informação sobre acesso aos dados BNP